Código Orgánico de Tribunales: edición oficial, aprobada por Decreto N§ 999, de 5 de Septiembre de 1989, del Ministerio de Justicia

Bewaard in:
Bibliografische gegevens
Formaat: Boek
Taal:Spaans
Gepubliceerd in: Santiago Jurídica de Chile 1990
Editie:11a. ed
Onderwerpen:
Tags: Voeg label toe
Geen labels, Wees de eerste die dit record labelt!

MARC

LEADER 00000nam a2200000 a 4500
001 UCV1617
003 CL-VaPUC
008 900903e19900000CL |||||||||||||||||spa|d
082 0 4 |a 347.8301  |b COD  |2 21 
245 1 0 |a Código Orgánico de Tribunales: edición oficial, aprobada por Decreto N§ 999, de 5 de Septiembre de 1989, del Ministerio de Justicia 
250 |a 11a. ed 
300 |a 369 p 
942 |c BK 
945 |d 19900903 00:00:00 
260 |a Santiago  |b Jurídica de Chile  |c 1990 
650 0 |a Código orgánico de tribunales  |9 256731 
651 7 |a CHILE  |2 CL-VaPUC  |9 295911 
583 |a last modification  |c 19900903 00:00:00  |k Rodrigo Vera 
999 |c 209537  |d 209535 
952 |0 0  |1 0  |2 ddc  |4 0  |6 347_830100000000000_COD_1990  |7 0  |8 FOND_LRYV  |9 185007  |a BIBDER  |b BIBDER  |d 2019-11-14  |i 252323K  |o 347.8301 COD 1990  |p 252323K  |r 2023-01-25  |w 2019-11-14  |y BK_X  |k DER